Multiple Periodic Variable Stars (Record no. 5644)

MARC details
000 -LEADER
fixed length control field 00780nam a2200193Ia 4500
003 - CONTROL NUMBER IDENTIFIER
control field IN-BaIIA
008 - FIXED-LENGTH DATA ELEMENTS--GENERAL INFORMATION
fixed length control field 211028s9999 xx 000 0 eng d
020 ## - INTERNATIONAL STANDARD BOOK NUMBER
International Standard Book Number 963-05-1063-4
040 ## - CATALOGING SOURCE
Transcribing agency IIA Library
080 ## - UNIVERSAL DECIMAL CLASSIFICATION NUMBER
Universal Decimal Classification number 082.2:52
Item number IAU-C29
111 ## - MAIN ENTRY--MEETING NAME
Number of part/section/meeting 29th
Location of meeting Budapest, Hungary
Date of meeting or treaty signing 1975 Sep. 1-5
9 (RLIN) 9805
245 #0 - TITLE STATEMENT
Title Multiple Periodic Variable Stars
Remainder of title proceedings of the international Astronomical Union colloquium no. 29 Multiple Periodic Variable Stars, held in Budapest, Hungary, 1–5 Sept.ember 1975
Statement of responsibility, etc. edited by W. S. Fitch
260 ## - PUBLICATION, DISTRIBUTION, ETC.
Place of publication, distribution, etc. Budapest
Name of publisher, distributor, etc. Akademiai Kiado
Date of publication, distribution, etc. 1976
300 ## - PHYSICAL DESCRIPTION
Extent [various pagings.]
650 ## - SUBJECT ADDED ENTRY--TOPICAL TERM
Topical term or geographic name entry element Astronomy and Astrophysics thesaurus
650 ## - SUBJECT ADDED ENTRY--TOPICAL TERM
Topical term or geographic name entry element Variable Stars
9 (RLIN) 1140
700 ## - ADDED ENTRY--PERSONAL NAME
Personal name Fitch, W. S., ed.
9 (RLIN) 9806
942 ## - ADDED ENTRY ELEMENTS (KOHA)
Koha item type Books
Holdings
Withdrawn status Lost status Damaged status Not for loan Home library Current library Shelving location Date acquired Cost, normal purchase price Total Checkouts Full call number Barcode Date last seen Cost, replacement price Price effective from Koha item type Purchase Price
        IIA Library-Bangalore IIA Library-Bangalore General Stacks 06/12/1977 198.83   082.2:52/ IAU-C29 6315 05/11/2021 198.83 06/12/1977 Books Rs. 198.83

Powered by Koha